000 00444nam a2200181Ia 4500
001 4109
005 20260306145731.0
008 260306t2004||||xx |||||||||||||| ||spa||
041 _aESP
082 _a306.85
_bH12 Nº 87
100 _aCarrasco, María Pilar
_eAUT
245 0 _aCómo educar a tus hijos con la música
260 _c2004
300 _a201 páginas :
_c19 cm.
650 _aGEN
654 _aCED
942 _cLIB
_dJUS
_fJUS
_2ddc
_n
999 _c4109
_d4109